Genetic Variability and Correlation Studies for Yield and Physico-Chemical Traits of Spring Season Tomato (Lycopersicon esculenium Mill.) (Record no. 50145)

MARC details
000 -LEADER
fixed length control field 00513nam a22001577a 4500
003 - CONTROL NUMBER IDENTIFIER
control field OSt
008 - FIXED-LENGTH DATA ELEMENTS--GENERAL INFORMATION
fixed length control field 260423b |||||||| |||| 00| 0 eng d
082 ## - DEWEY DECIMAL CLASSIFICATION NUMBER
Classification number 635.642
Item number S48G
100 ## - MAIN ENTRY--PERSONAL NAME
Personal name Singh, Kamleshwari Prasad
245 ## - TITLE STATEMENT
Title Genetic Variability and Correlation Studies for Yield and Physico-Chemical Traits of Spring Season Tomato (Lycopersicon esculenium Mill.)
260 ## - PUBLICATION, DISTRIBUTION, ETC. (IMPRINT)
Place of publication, distribution, etc Pusa, Samastipur
Name of publisher, distributor, etc RAU, Pusa
Date of publication, distribution, etc 1988
300 ## - PHYSICAL DESCRIPTION
Extent 84P.
502 ## - DISSERTATION NOTE
Degree type Msc.
Year degree granted 1988
650 ## - SUBJECT ADDED ENTRY--TOPICAL TERM
Topical term or geographic name as entry element Vegetables & Floriculture
942 ## - ADDED ENTRY ELEMENTS (KOHA)
Source of classification or shelving scheme
Koha item type Thesis
Holdings
Withdrawn status Lost status Source of classification or shelving scheme Damaged status Not for loan Home library Current library Date acquired Total Checkouts Full call number Barcode Date last seen Bill Date Koha item type
          Dr. Rajendra Prasad Central Agricultural University Pusa, Dr. Rajendra Prasad Central Agricultural University Pusa, 23/04/2026   635.642 S48G 41626 23/04/2026 23/04/2026 Thesis
Hosted, Implemented, Customized & Maintained by: BestBookBuddies

Powered by Koha